| 000 | 00820cam a2200277Ia 4500 | ||
|---|---|---|---|
| 999 |
_c7233 _d7233 |
||
| 001 | 36121757 | ||
| 003 | OCoLC | ||
| 005 | 20190131115301.0 | ||
| 008 | 961220s1996 tnu 000 0 eng d | ||
| 020 | _a0805498702 | ||
| 035 | _a(OCoLC)36121757 | ||
| 040 |
_aTNE _cTNE _dCIRBC |
||
| 082 |
_a248.4 _bH939M |
||
| 090 |
_aBV4531.2 _b.H862 1996 |
||
| 092 |
_a268.433 _bH943b |
||
| 100 | 1 | _aHunt, T. W. | |
| 245 | 1 | 4 |
_aThe mind of Christ / _cT. W. Hunt & Claude V. King. |
| 250 | _aYouth ed. Leader guide. | ||
| 260 |
_aNashville, Tn. : _bLifeWay Press, _cc1996. |
||
| 300 |
_a64 p. : _c28 cm. |
||
| 500 | _aThis book is the text for course CG-0253 in the Christian Growth Study Plan. | ||
| 650 | 0 | _aChristian life. | |
| 650 | 0 |
_aYouth _xReligious life. |
|
| 650 | 0 |
_aJewish youth _xReligious life. |
|
| 942 |
_2ddc _cBK |
||